000 00346 a2200073 4500
245 0 _aMiędzyresortowe wymagania techniczno-eksploatacyjne :
_bUniwersalne urządzenie ochrony katodowej,urządzenie drenażu wzmocnionego.Stacja katodowa /
_cDąbrowski S..
710 2 _aInstytut Łączności.
_eWydawca
_4pbl
260 _aWarszawa :
_bIŁ,
_c1969.
300 _akilka liczb.;
_c34 cm.
999 _c16210
_d16210